| 000 | 00448 a2200145 4500 | ||
|---|---|---|---|
| 005 | 20250625133257.0 | ||
| 020 | _a978-9976-78-084-0 | ||
| 082 | _a651.74 NBA | ||
| 111 | _aNBAA | ||
| 245 | _aT04 Business Communication Skills: Study Tex | ||
| 260 |
_aDar es salaam, _bGet Through Guides, _c2014. |
||
| 300 |
_a158p.: ill.; _bindex, _c29cm. |
||
| 856 |
_yAccess Online Book _fBusiness Communication Skill _dwww.GetThroughGuides.com |
||
| 942 |
_2ddc _cBKS |
||
| 999 |
_c5083 _d5083 |
||